Cours élémentaire de mathématiques supérieures
Cours élémentaire de mathématiques supérieures. Calcul différentiel et intégral et géometrie analytique plane, avec un grand nombre d'applications et d'exemples, a l'usage des ingénieurs, élèves-ingénieurs, techniciens divers, étudiants.
Salvato in:
| Autore principale: | |
|---|---|
| Natura: | Libro |
| Lingua: | Undetermined |
| Pubblicazione: |
Paris
Dunod
1977
|
| Soggetti: | |
| Tags: |
Aggiungi Tag
Nessun Tag, puoi essere il primo ad aggiungerne! !
|
| Thư viện lưu trữ: | Trung tâm Học liệu Trường Đại học Cần Thơ |
|---|
| LEADER | 00771nam a2200193Ia 4500 | ||
|---|---|---|---|
| 001 | CTU_232804 | ||
| 008 | 210402s9999 xx 000 0 und d | ||
| 082 | |a 510 | ||
| 082 | |b Q7/T.4 | ||
| 100 | |a Quinet, J. | ||
| 245 | 0 | |a Cours élémentaire de mathématiques supérieures | |
| 245 | 0 | |c J. Quinet, J. Fazekas | |
| 260 | |a Paris | ||
| 260 | |b Dunod | ||
| 260 | |c 1977 | ||
| 520 | |a Cours élémentaire de mathématiques supérieures. Calcul différentiel et intégral et géometrie analytique plane, avec un grand nombre d'applications et d'exemples, a l'usage des ingénieurs, élèves-ingénieurs, techniciens divers, étudiants. | ||
| 650 | |a Toán học,Mathematics | ||
| 910 | |b dqhieu | ||
| 980 | |a Trung tâm Học liệu Trường Đại học Cần Thơ | ||